Univerzitný kampus, Irpiň

Guardado en:
Detalles Bibliográficos
Autor principal: Janíková, Petra (Autor)
Otros Autores: Schleicher, Alexander (Orientador)
Formato: Manuscrito Libro
Lenguaje:eslovaco
Publicado: 2025
Materias:
Acceso en línea:http://is.stuba.sk/zp/portal_zp.pl?podrobnosti=185292
Etiquetas: Agregar Etiqueta
Sin Etiquetas, Sea el primero en etiquetar este registro!

MARC

LEADER 00000ntm a22000003a 4500
001 stuzp104831
003 SK-STU
005 20250607210858.5
007 ta
008 150427s2015----xo-----f-mn---000-0-slo-d
040 |a STU  |b slo 
041 0 |a slo 
100 1 |a Janíková, Petra  |u 058180  |4 aut  |U FAD Fakulta architektúry a dizajnu  |T FAD Ústav architektúry občianskych budov  |X 103692  |U A8180  |Y 399  |7 103692 
242 0 1 |a University Campus, Irpin  |y eng 
245 1 0 |a Univerzitný kampus, Irpiň 
260 |c 2025 
650 4 |a facade  |2 eng 
650 4 |a campus  |2 eng 
650 4 |a Irpin  |2 eng 
650 4 |a kampus  |2 slo 
650 4 |a fasáda  |2 slo 
650 4 |a Irpiň  |2 slo 
700 1 |a Schleicher, Alexander  |u 058180  |k Z1  |4 ths  |U FAD Fakulta architektúry a dizajnu  |T FAD Ústav architektúry občianskych budov  |X 472  |U A8180  |Y 399  |7 A000000472 
856 4 |u http://is.stuba.sk/zp/portal_zp.pl?podrobnosti=185292